00403nam a2200157Ia 4500003000400000005001700004008004100021020001800062040000900080082002200089100002000111245005500131260003800186300000900224650001200233OSt20200708144920.0190216s9999||||xx |||||||||||||| ||und|| a9788125032700 coclc a955.030924bNAY/T aNayar, Pramod K 0aThe Trial Of Bahadur Shah Zafar /cPramod K Nayar bOrient Longman,c2007.aHyderbad: a315p aHistory